České obce, které začínají na písmeno F - Statistics

General Stats
  • This quiz has been taken 73 times
  • The average score is 8 of 16
Answer Stats
Počet obyvatel Okres Odpověď % Correct
7 379 Liberec Frýdlant
91%
53 590 Frýdek-Místek Frýdek-Místek
89%
10 554 Nový Jičín Frenštát pod Radhoštěm
85%
5 607 Cheb Františkovy Lázně
76%
9 835 Frýdek-Místek Frýdlant nad Ostravicí
70%
3 834 Zlín Fryšták
57%
5 472 Nový Jičín Fulnek
57%
1 355 Český Krumlov Frymburk
52%
107 Klatovy Frymburk
52%
1 465 Vsetín Francova Lhota
30%
2 429 Frýdek-Místek Fryčovice
30%
850 Jablonec nad Nisou Frýdštejn
26%
326 Žďár nad Sázavou Fryšava pod Žákovou Horou
24%
157 Jindřichův Hradec Frahelž
22%
302 Beroun Felbabka
17%
401 Děčín Františkov nad Ploučnicí
11%
No matching quizzes found
Score Distribution
Percent of People with Each Score
Percentile by Number Answered
Your Score History
You have not taken this quiz